000 00911cam a22002897a 4500
003 CHAP
005 20220329134850.0
008 971013s1979 r 00010 d
010 _a27138
011 _a28110
035 _a32212
040 _cCHAP
082 _a338.97284
_bE5
110 1 _aEl Salvador. Presidencia de la República
_936161
245 1 3 _aEl Salvador de hoy, 1979
260 _aSan Salvador :
_b(s.e.),
_c1979
300 _a138 p.
_b: ilus.
590 _aBATCH-UPD
_b10
_c20130110
_lUCH01
_h2158
590 _aBATCH-UPD
_b10
_c20130410
_lUCH01
_h1507
590 _aBATCH-UPD
_b10
_c20130914
_lUCH01
_h1705
590 _aCONVERSION
_b10
_c20130109
_lUCH01
_h1316
650 1 4 _aEl Salvador
_xCondiciones económicas.
_936154
650 1 4 _aEl Salvador
_xCondiciones sociales.
_936156
901 _aBK
942 _cLIBRO
949 _a338.97284 E5
_bBC
_cLIBRO
_d33724000383915
_eLIBRO
_h47453
_i32212
_mD
_si
999 _c27138
_d27138